World Club Football - Statistics

General Stats
  • This quiz has been taken 12 times
  • The average score is 12 of 25
Answer Stats
Times won Answer % Correct
1 Manchester United
91%
3 Real Madrid
91%
2 Ajax
82%
2 Bayern Munich
82%
2 Inter Milan
82%
3 Milan
82%
1 River Plate
73%
1 Atletico Madrid
64%
3 BOCA Juniors
64%
2 Juventus
64%
2 Porto
64%
2 Santos
64%
1 Borussia Dortmund
36%
1 Feyenoord
36%
1 Flamengo
36%
2 Independiente
36%
2 Sao Paulo
36%
1 Gremio
27%
1 Racing
27%
1 Estudiantes
18%
3 Nacional
18%
1 Olimpia
18%
3 Penarol
18%
1 Red Star Belgrade
9%
1 Velez Sarsfield
9%
No matching quizzes found
Score Distribution
Percent of People with Each Score
Percentile by Number Answered
Your Score History
You have not taken this quiz